Name All The Countries That Played At FIFA WC - Statistics

General Stats
  • This quiz has been taken 13 times
  • The average score is 61 of 90
Answers on the Map
Answers color-coded by a green-red scale on the quiz's map according to % correct below.
 
Answer Stats
Answer % Correct
Argentina
92%
Brazil
92%
Brazil
92%
Canada
92%
Colombia
92%
Mexico
92%
Peru
92%
Romania
92%
Russia
92%
South Africa
92%
United States
92%
USA
92%
Algeria
83%
Belgium
83%
Chile
83%
Egypt
83%
France
83%
Greece
83%
Italy
83%
Netherlands
83%
Norway
83%
Portugal
83%
Saudi Arabia
83%
Spain
83%
Sweden
83%
Turkey
83%
Ukraine
83%
United Kingdom
83%
Uruguay
83%
Austria
75%
Bosnia
75%
China
75%
Croatia
75%
Czechia
75%
Denmark
75%
DR Congo
75%
Ecuador
75%
Ireland
75%
Japan
75%
Morocco
75%
Paraguay
75%
Poland
75%
Switzerland
75%
Tunisia
75%
Australia
67%
Bolivia
67%
Bulgaria
67%
Costa Rica
67%
England
67%
Germany
67%
Germany
67%
Hungary
67%
Iran
67%
Panama
67%
Senegal
67%
Slovakia
67%
Cuba
58%
Ghana
58%
Haiti
58%
Iceland
58%
Iraq
58%
Israel
58%
Jamaica
58%
New Zealand
58%
Nigeria
58%
Qatar
58%
Scotland
58%
Serbia
58%
Slovenia
58%
South Korea
58%
Uzbekistan
58%
Wales
58%
Yugoslavia
58%
Angola
50%
Cameroon
50%
Curacao
50%
El Salvador
50%
Honduras
50%
Indonesia
50%
Ivory Coast
50%
Jordan
50%
Togo
50%
UAE
50%
North Korea
42%
Trinidad And Tobago
42%
East Germany
33%
Kuwait
33%
Northern Ireland
33%
Cape Verde
25%
United Arab Nations
0%
No matching quizzes found
Score Distribution
Percent of People with Each Score
Percentile by Number Answered
Your Score History
You have not taken this quiz